000 00477nam a22001817a 4500
008 170612b xxu||||| |||| 00| p tur d
020 _a975736276X
041 _atur
050 _aPL248.E585
100 _a Erbaş, Şükrü
_9286
245 _aDicle Üstü Ay Bulanık
_cŞükrü Erbaş
250 _a4. baskı
260 _aAnkara
_bÜmit Yayıncılık
_cEkim 2001
300 _a61 sayfa
500 _aCoşku Dizisi: 27
650 0 _9145
_aTürk Edebiyatı
942 _2lcc
_cBK
999 _c579
_d571